SmartMoney stock picker's bible /
| Yazar: | |
|---|---|
| Diğer Yazarlar: | |
| Materyal Türü: | Kitap |
| Dil: | English |
| Baskı/Yayın Bilgisi: |
New York :
J. Wiley,
c2002.
|
| Konular: | |
| Online Erişim: | Contributor biographical information Publisher description Table of contents |
| Classic Catalogue: | View this record in Classic Catalogue |
| LEADER | 01365nam a22003374a 4500 | ||
|---|---|---|---|
| 001 | 29527 | ||
| 003 | BD-DhAAL | ||
| 005 | 20150811113649.0 | ||
| 008 | 151011s2002 nyua 001 0 eng | ||
| 010 | |a 2001046914 | ||
| 020 | |a 0471152048 (cloth : alk. paper) | ||
| 040 | |a DLC |c DLC |d DLC |d BD-DhAAL | ||
| 042 | |a pcc | ||
| 050 | 0 | 0 | |a HG4661 |b .H83 2002 |
| 082 | 0 | 0 | |a 332.6322 |2 21 |
| 100 | 1 | |a Huang, Nellie S. |9 13615 | |
| 245 | 1 | 0 | |a SmartMoney stock picker's bible / |c Nellie S. Huang, Peter Finch. |
| 260 | |a New York : |b J. Wiley, |c c2002. | ||
| 300 | |a xi, 290 p. : |b ill. ; |c 24 cm. | ||
| 500 | |a Includes index. | ||
| 541 | |e 29527 | ||
| 650 | 0 | |a Stocks. |9 13616 | |
| 650 | 0 | |a Securities. |9 13617 | |
| 700 | 1 | |a Finch, Peter, |d 1960- |9 13618 | |
| 730 | 0 | |a SmartMoney. |9 13619 | |
| 856 | 4 | 2 | |3 Contributor biographical information |u http://www.loc.gov/catdir/bios/wiley046/2001046914.html |
| 856 | 4 | 2 | |3 Publisher description |u http://www.loc.gov/catdir/description/wiley0310/2001046914.html |
| 856 | 4 | 1 | |3 Table of contents |u http://www.loc.gov/catdir/toc/wiley021/2001046914.html |
| 942 | |2 ddc |c BK | ||
| 999 | |c 35191 |d 35191 | ||
| 952 | |0 0 |1 0 |2 ddc |4 0 |6 332_632200000000000_HUA |7 0 |9 55174 |a BRACUL |b BRACUL |c GEN |d 2015-08-11 |e BRAC Institute of Language (BIL) |l 3 |m 11 |o 332.6322 HUA |p 3010029527 |r 2025-10-12 |s 2024-09-10 |t 1 |w 2015-08-11 |y BK |x Transferred from BIL to BRACUL on 06/06/22 | ||